Široký register aktivít k životnému jubileu profesora J. Sedláka

Bibliographic Details
Main Author: Petrík, Vladimír, 1929-2017 (Author)
Format: Article
Language:Slovak
Subjects:

MARC

LEADER 00000cab a2200000 a 4500
001 vtls000350295
003 SK-MaSNL
005 20260304215606.0
008 160215|1989 xo ||||||| || 0||slo|
015 |a SNBRB19rr/mm-uuuuu 
035 |a CL0350417 
040 |a SNKBUCL  |b slo  |c SNKBUCL  |e AACR2 
041 0 |a slo 
044 |a xo  |c SK 
080 |a 82:929:885.4  |2 1981 
080 |a 929  |2 1981 
080 |a 885.4  |2 1981 
080 |a 929 Sedlák, Ján  |2 1981 
100 1 |a Petrík, Vladimír,  |d 1929-2017  |4 aut  |9 171168 
245 1 0 |a Široký register aktivít  |b k životnému jubileu profesora J. Sedláka  |c Vladimír Petrík 
600 1 7 |a Sedlák, Ján,  |d 1914-2007  |2 SNKMA  |9 86199 
655 7 |a články z novín a časopisov  |2 snkbucl  |9 267496 
655 7 |a články z odboru literárna veda a krásna literatúra  |2 snkbucl  |9 770045 
773 0 |t Práca  |g Roč. 44, č. 93 (20. 4. 1989), s. 6 
850 |a Slovenská národná knižnica v Martine  |a MTA001 
852 |a SNK  |b KIS3GCP 
958 |a BX 
958 |a RK 
958 |a LX 
958 |a PETRIKApj/1989 
992 |a RBX 
999 |c 3147232  |d 3149162